15 Smallest U.S. States by Area - Statistics

General Stats
  • This quiz has been taken 39 times
  • The average score is 14 of 15
Answer Stats
Answer % Correct
Delaware
100%
New Jersey
100%
Rhode Island
100%
New Hampshire
97%
Vermont
97%
Hawaii
94%
Massachusetts
94%
West Virginia
94%
Connecticut
92%
Kentucky
92%
Maine
92%
Maryland
92%
Tennessee
92%
South Carolina
86%
Indiana
75%
No matching quizzes found
Score Distribution
Percent of People with Each Score
Percentile by Number Answered
Your Score History
You have not taken this quiz